000 00774nam a2200253 a 4500
001 34248
003 BD-RjUL
005 20211209052128.0
008 140514s1968 nyua b 000 0 eng d
035 _a(BD-RjUL)34342
040 _aLC
_beng
_cLC
_dWOT
_dBD-RjUL
041 _aeng
082 0 4 _a301.1508
_218
_bGRO 1968
245 0 0 _aGroup dynamics :
_bresearch and theory /
_cedited by Dorwin Cartwright, Alvin Zander.
250 _a3rd ed.
260 _aNew York :
_bHarper & Row,
_cc1968.
300 _aix, 580 p. :
_bill. ;
_c27 cm.
504 _aIncludes bibliographical references and index.
650 0 _aSmall groups.
_9104092
700 1 _aCartwright, Dorwin.
_9101879
700 1 _aZander, Alvin,
_d1913-
_9104093
942 _2ddc
_cBK
999 _c34248
_d34248